| 000 | 00397nam a2200169Ia 4500 | ||
|---|---|---|---|
| 008 | 230524s9999 xx 000 0 und d | ||
| 020 | _a8121917573 | ||
| 082 |
_a530 _bSIN |
||
| 100 | _aA.S.Vasudeva | ||
| 245 | 0 | _aModern Engineering Physics | |
| 250 | _a2ND | ||
| 260 |
_aNEW DELHI _bS.Chand _c2003 |
||
| 300 | _aXV;1024 | ||
| 500 | _aQuantity Number: 8 | ||
| 650 | _aPhysics | ||
| 942 | _cBK | ||
| 999 |
_c17548 _d17548 |
||